Effectif des Hawks d'Atlanta 2023/2024 (images) - Statistiques

Statistiques générales
  • Ce quiz a été pris 108 fois
  • Le résultat moyen est 8 sur 18
Statistiques - réponses
Par images Réponse % Correct
Trae Young
100%
Clint Capela
94%
Bogan Bogdanović
88%
Dejounte Murray
85%
Patrick Mills
82%
De'Andre Hunter
65%
Jalen Johnson
57%
Saddiq Bey
55%
Onyeka Okongwu
43%
A. J. Griffin
27%
Wesley Matthews
25%
Bruno Fernando
18%
Garrison Mathews
16%
Mouhamed Gueye
13%
Kobe Bufkin
11%
Seth Lundy
7%
Trent Forrest
7%
Miles Norris
1%
Aucun quiz correspondant
Distribution des résultats
% des personnes avec chaque résultat
Percentile par nombre de réponses
Votre historique - résultats
Vous n’avez pas pris ce quiz